000
00262nam a2200097Ia 4500
008
240331s9999 xx 000 0 und d
082
_b
GOO
100
_a
South Asia SAP-N. ed
245
0
_a
Good governance :
_b
enhancing perspective for strategic planning
942
_c
L
999
_c
5622
_d
5622